000 00561nam a2200205 a 4500
001 000020852
005 20200930011157.0
008 100818s1990 dr a 000 0 spa d
020 _a0882723472
020 _a0882723596
082 _a372.634
_bE74
245 0 0 _aEscribir para leer : /
_cEditor Janice Baillie.
246 _aWiriting to read
260 _aSanto Domingo :
_bSantillana,
_c1990.
300 _a63 p. :
_bil. ;
_c27 cm.
650 4 _aEscritura
_928156
650 4 _aLectura
_9408
700 1 _aBaillie, Janice.
_eed.
_943714
999 _c20355
_d20355
040 _aDO-SdBNP